The Permanent Collection of the Minneapolis Institute of Arts. (Record no. 584)

MARC details
000 -CABECERA
campo de control de longitud fija 00575nam a2200157 a 4500
001 - NÚMERO DE CONTROL
campo de control BRCA_678
005 - FECHA Y HORA DE LA ÚLTIMA TRANSACCIÓN
campo de control 20190320203113.0
008 - DATOS DE LONGITUD FIJA--INFORMACIÓN GENERAL
campo de control de longitud fija 190508s----2006us-a---###---#000-0#eng-#
050 #4 - SIGNATURA TOPOGRÁFICA DE LA BIBLIOTECA DEL CONGRESO
Número de clasificación N582.6
Número de documento/Ítem .P47 2006
245 10 - MENCIÓN DE TÍTULO
Título The Permanent Collection of the Minneapolis Institute of Arts.
260 ## - PUBLICACIÓN, DISTRIBUCIÓN, ETC.
Lugar de publicación, distribución, etc. Minneapolis, Minnesota
Nombre del editor, distribuidor, etc. The Minneapolis Institute of Arts
Fecha de publicación, distribución, etc. 2006
300 ## - DESCRIPCIÓN FÍSICA
Extensión 56 p.
Otras características físicas il. a color
Dimensiones 25 cm.
Material acompañante/anejo 1 folleto
610 24 - PUNTO DE ACCESO ADICIONAL DE MATERIA--NOMBRE DE ENTIDAD CORPORATIVA
Nombre de entidad corporativa o nombre de jurisdicción como elemento de entrada Minneapolis Institute of Arts (Minnesota)
Subdivisión general Colecciones de arte
9 (RLIN) 2233
650 14 - PUNTO DE ACCESO ADICIONAL DE MATERIA--TÉRMINO DE MATERIA
Término de materia o nombre geográfico como elemento de entrada Museos de artes decorativas
Subdivisión geográfica Estados Unidos
9 (RLIN) 2234
942 ## - ELEMENTOS DE PUNTO DE ACCESO ADICIONAL (KOHA)
Fuente del sistema de clasificación o colocación Library of Congress Classification
Tipo de ítem Koha Libros
Holdings
Estado de retiro Estado de pérdida Estado dañado No para préstamo Localización permanente Ubicación/localización actual Fecha de adquisición Total de préstamos Signatura topográfica completa Código de barras Fecha visto por última vez Precio válido a partir de Tipo de ítem Koha
El ejemplar forma parte de la colección y puede ser consultado según las políticas vigentes.       Biblioteca del Museo Franz Mayer (Rogerio Casas-Alatriste) Biblioteca del Museo Franz Mayer (Rogerio Casas-Alatriste) 25/06/2008   N582.6 .P47 2006 01006 22/03/2019 22/03/2019 Libros